[Event "Attica-ch U16 Girls 11"]
[Site "Athens"]
[Date "2010.12.26"]
[Round "2.1"]
[White "Tsoukaraki, Athina"]
[Black "Asvestopoulou, Evdokia"]
[Result "0-1"]
[WhiteElo "1552"]
[BlackElo "1593"]
[PlyCount "108"]
[EventDate "2010.12.23"]
[EventType "tourn"]
[EventRounds "7"]
[EventCountry "GRE"]
[SourceTitle "EXT 2024"]
[Source "ChessBase"]
[SourceDate "2023.10.10"]
[SourceVersion "1"]
[SourceVersionDate "2023.10.10"]
[SourceQuality "1"]

1. e4 c5 2. Nf3 Nc6 3. Nc3 d6 4. Bb5 Bd7 5. d3 g6 6. Bf4 Bg7 7. Qd2 Qb6 8. Rb1 Nf6 9. 0-0 0-0 10. Bxc6 Bxc6 11. Bh6 Rfe8 12. Bxg7 Kxg7 13. Qf4 Rad8 14. Ng5 h6 15. Nh3 Bd7 16. Qe3 g5 17. f4 g4 18. Nf2 Rh8 19. f5 Rdg8 20. h3 h5 21. b4 Rc8 22. Qg5+ Kh7 23. hxg4 Rcg8 24. Qh4 cxb4 25. g5 Ne8 26. Nd5 Qd8 27. f6 exf6 28. gxf6 Kh6 29. Rbe1 Qa5 30. Re3 Qc5 31. Rg3 Be6 32. Re1 Bxd5 33. Qf4+ Kh7 34. Qf5+ Kh6 35. Rxg8 Rxg8 36. exd5 Qd4 37. Re4 Qxf6 38. Qxf6+ Nxf6 39. Rxb4 Nxd5 40. Rxb7 f5 41. Nh3 Ne3 42. Nf4 Rg4 43. Kf2 Nxc2 44. Nd5 Rd4 45. Rc7 Rxd5 46. Rxc2 Rxd3 47. Re2 Kg5 48. Ke1 Kg4 49. Re7 Ra3 50. Re2 d5 51. Rf2 f4 52. Kf1 f3 53. Kg1 fxg2 54. Rxg2+ Rg3 0-1